[Event "HUN-chT2 Asztalos 1819"]
[Site "Hungary"]
[Date "2019.04.28"]
[Round "9.9"]
[White "Nagy, Peter2222"]
[Black "Zelenak, Donat"]
[Result "1-0"]
[WhiteElo "1577"]
[BlackElo "1872"]
[PlyCount "103"]
[EventDate "2018.10.28"]
[EventType "team-tourn"]
[EventRounds "9"]
[EventCountry "HUN"]
[SourceTitle "EXT 2021"]
[Source "ChessBase"]
[SourceDate "2020.10.23"]
[SourceVersion "1"]
[SourceVersionDate "2020.10.23"]
[SourceQuality "1"]
[WhiteTeam "Karmin"]
[BlackTeam "Kiraly Sakk"]
[WhiteTeamCountry "HUN"]
[BlackTeamCountry "HUN"]

1. d4 d5 2. c4 c6 3. cxd5 cxd5 4. Nf3 Nf6 5. Nc3 Nc6 6. Bf4 a6 7. e3 g6 8. Bd3 Bg7 9. h3 0-0 10. a3 Re8 11. 0-0 Nh5 12. Bh2 e5 13. dxe5 Nxe5 14. Be2 Nxf3+ 15. Bxf3 d4 16. exd4 Bxd4 17. Bxh5 gxh5 18. Qxh5 Bxc3 19. bxc3 Qf6 20. Rfe1 Bf5 21. Qf3 Qg6 22. Be5 Rad8 23. g4 Bc8 24. Qf6 Qxf6 25. Bxf6 Rxe1+ 26. Rxe1 Rf8 27. Kh2 Be6 28. Re5 h6 29. Rh5 Kh7 30. g5 Kg6 31. Rxh6+ Kf5 32. Rh4 Rc8 33. Kg3 Rc4 34. Rxc4 Bxc4 35. h4 Bd3 36. f3 Bc2 37. h5 Bd3 38. h6 Ke6 39. Kf4 Bg6 40. c4 Kd6 41. Bd4 Ke6 42. Ke3 Bf5 43. Bf6 Kd6 44. Kd4 b6 45. a4 Bg6 46. Bd8 Kc6 47. Ke5 b5 48. cxb5+ axb5 49. axb5+ Kxb5 50. Kf6 Kc6 51. Kg7 Kd7 52. Bf6 1-0

[Event "HUN-chT2 Asztalos 1819"]
[Site "Hungary"]
[Date "2019.03.10"]
[Round "7.8"]
[White "Zelenak, Donat"]
[Black "Szotak, Laszlo"]
[Result "0-1"]
[WhiteElo "1872"]
[BlackElo "1907"]
[PlyCount "108"]
[EventDate "2018.10.28"]
[EventType "team-tourn"]
[EventRounds "9"]
[EventCountry "HUN"]
[SourceTitle "CBM 189 Extra"]
[Source "ChessBase"]
[SourceDate "2019.06.03"]
[SourceVersion "1"]
[SourceVersionDate "2019.06.03"]
[SourceQuality "1"]
[WhiteTeam "Kiraly Sakk"]
[BlackTeam "Kaposvar Bastya"]
[WhiteTeamCountry "HUN"]
[BlackTeamCountry "HUN"]

1. Nf3 f5 2. d4 Nf6 3. c4 g6 4. Nc3 Bg7 5. g3 d6 6. Bg2 0-0 7. 0-0 Qe8 8. d5 c6 9. Re1 Qf7 10. Rb1 h6 11. Qb3 Na6 12. Be3 c5 13. h4 Nc7 14. Rbd1 Nh5 15. Qc2 f4 16. gxf4 Kh7 17. Qd2 Nxf4 18. Bxf4 Qxf4 19. Qxf4 Rxf4 20. e4 Bg4 21. Rd3 Raf8 22. Ree3 Bxf3 23. Rxf3 Rxh4 24. Rxf8 Bxf8 25. Rf3 Kg8 26. Ne2 Bg7 27. Rg3 g5 28. b3 Be5 29. Rf3 Ne8 30. Rh3 Rxh3 31. Bxh3 Nf6 32. Bf5 Kg7 33. Kg2 Nh5 34. Kf3 Kf6 35. Bc8 b6 36. Kg4 Ng7 37. f3 h5+ 38. Kh3 h4 39. Kg4 Kg6 40. Bd7 Kh6 41. Bc8 Nh5 42. Kh3 Nf4+ 43. Nxf4 Bxf4 44. Kg2 Kg6 45. Kf2 Kf6 46. Ke2 Ke5 47. Kd3 Bh2 48. Bh3 Kf4 49. Ke2 Kg3 50. Bg4 Bg1 51. Bh5 h3 52. f4 Kxf4 53. Kf1 Bd4 54. Bg6 Kg3 0-1

[Event "HUN-chT2 Asztalos 1718"]
[Site "Hungary"]
[Date "2018.01.28"]
[Round "5.7"]
[White "Zelenak, Donat"]
[Black "Degi, Janos"]
[Result "1-0"]
[WhiteElo "1841"]
[BlackElo "1862"]
[PlyCount "131"]
[EventDate "2017.10.29"]
[EventType "team-tourn"]
[EventRounds "9"]
[EventCountry "HUN"]
[SourceTitle "EXT 2021"]
[Source "ChessBase"]
[SourceDate "2020.10.23"]
[SourceVersion "1"]
[SourceVersionDate "2020.10.23"]
[SourceQuality "1"]
[WhiteTeam "Kiraly Sakk"]
[BlackTeam "Marcali"]
[WhiteTeamCountry "HUN"]
[BlackTeamCountry "HUN"]

1. Nf3 d6 2. d4 g6 3. c4 Nf6 4. Nc3 c6 5. e4 Bg7 6. Be2 Bg4 7. 0-0 Bxf3 8. Bxf3 Nbd7 9. Be3 0-0 10. Qd2 e5 11. Rad1 Qa5 12. Be2 Rae8 13. Qc2 a6 14. a3 Qc7 15. f4 Qb6 16. c5 Qa7 17. cxd6 Bh6 18. Kh1 exf4 19. Bxf4 Bxf4 20. Rxf4 c5 21. Qd3 Re6 22. dxc5 Qxc5 23. Qd4 Qg5 24. Qf2 Qe5 25. Bc4 Rxd6 26. Rxd6 Qxd6 27. Nd5 Kg7 28. Nc3 Ne5 29. Be2 h5 30. h3 b5 31. Bf1 Qe6 32. Qd2 Qe7 33. Nd5 Nxd5 34. exd5 Rd8 35. Rd4 Qd6 36. a4 bxa4 37. Rxa4 Qxd5 38. Qxd5 Rxd5 39. Bxa6 g5 40. Be2 h4 41. b4 Kf6 42. Kg1 Rd2 43. Kf2 Rb2 44. Ke3 Kf5 45. b5 Ke6 46. Ra6+ Kd5 47. Ra8 Rb3+ 48. Kd2 f5 49. Rd8+ Ke4 50. Re8 Kf4 51. Kc2 Re3 52. Kd1 Kg3 53. Bf3 g4 54. hxg4 fxg4 55. Bc6 Nc4 56. Rxe3+ Nxe3+ 57. Ke2 Nxg2 58. b6 Kh2 59. b7 Nf4+ 60. Kf1 g3 61. b8Q h3 62. Qh8 Ng2 63. Qb2 Kh1 64. Bxg2+ Kh2 65. Qe2 hxg2+ 66. Qxg2# 1-0

[Event "HUN-chT2 Asztalos 1617"]
[Site "Hungary"]
[Date "2017.01.29"]
[Round "7.10"]
[White "Nagy, Balazs"]
[Black "Zelenak, Donat"]
[Result "1/2-1/2"]
[WhiteElo "1797"]
[BlackElo "1827"]
[PlyCount "71"]
[EventDate "2016.09.25"]
[EventType "team-tourn"]
[EventRounds "11"]
[EventCountry "HUN"]
[SourceTitle "EXT 2021"]
[Source "ChessBase"]
[SourceDate "2020.10.23"]
[SourceVersion "1"]
[SourceVersionDate "2020.10.23"]
[SourceQuality "1"]
[WhiteTeam "Marcali"]
[BlackTeam "Kiraly Sakk"]
[WhiteTeamCountry "HUN"]
[BlackTeamCountry "HUN"]

1. d4 d5 2. Nd2 Nf6 3. Ngf3 e6 4. e3 c5 5. c3 Nc6 6. Bd3 Be7 7. 0-0 0-0 8. dxc5 Bxc5 9. e4 e5 10. exd5 Qxd5 11. Bc4 Qd6 12. Qe2 Bf5 13. Ng5 Bb6 14. Nde4 Nxe4 15. Nxe4 Qg6 16. Bd5 Rad8 17. c4 Rxd5 18. cxd5 Nd4 19. Qd3 Bxe4 20. Qh3 Ne2+ 21. Kh1 Nf4 22. Bxf4 exf4 23. Rad1 Rd8 24. d6 Bc6 25. Rd2 h6 26. Rfd1 Bc5 27. d7 Qe6 28. Qc3 Qe4 29. f3 Qb4 30. Qe5 Bb6 31. a3 Qb5 32. Qxf4 Rxd7 33. Rxd7 Bxd7 34. Qb8+ Kh7 35. Qxb7 Be6 36. Qe4+ 1/2-1/2

[Event "HUN-chT2 Asztalos 1617"]
[Site "Hungary"]
[Date "2016.10.30"]
[Round "3.10"]
[White "Fur, Katinka"]
[Black "Zelenak, Donat"]
[Result "1/2-1/2"]
[WhiteElo "2005"]
[BlackElo "1827"]
[PlyCount "160"]
[EventDate "2016.09.25"]
[EventType "team-tourn"]
[EventRounds "11"]
[EventCountry "HUN"]
[SourceTitle "EXT 2021"]
[Source "ChessBase"]
[SourceDate "2020.10.23"]
[SourceVersion "1"]
[SourceVersionDate "2020.10.23"]
[SourceQuality "1"]
[WhiteTeam "Balatonfuered"]
[BlackTeam "Kiraly Sakk"]
[WhiteTeamCountry "HUN"]
[BlackTeamCountry "HUN"]

1. d4 d5 2. Nf3 Nf6 3. c4 c6 4. Nc3 a6 5. cxd5 cxd5 6. Bg5 e6 7. e3 Nc6 8. Rc1 Be7 9. Bd3 0-0 10. 0-0 h6 11. Bh4 Bd7 12. a3 Rc8 13. b4 b5 14. Nd2 Ne8 15. Bxe7 Qxe7 16. Nb3 Nd6 17. Nc5 Ra8 18. Re1 Nc4 19. Bxc4 dxc4 20. e4 Rfd8 21. d5 Ne5 22. f4 Ng6 23. Qf3 Qf6 24. g3 Qd4+ 25. Kh1 Qf6 26. e5 Qf5 27. Nxd7 Rxd7 28. dxe6 Rdd8 29. exf7+ Qxf7 30. Rcd1 Ne7 31. Ne4 Nf5 32. Nd6 Nxd6 33. Rxd6 Rac8 34. Red1 Rxd6 35. exd6 Qd7 36. Qd5+ Kf8 37. Re1 Re8 38. Rxe8+ Qxe8 39. Qf5+ Kg8 40. Qd5+ Kf8 41. d7 Qd8 42. Qd6+ Kf7 43. f5 c3 44. Qg6+ Kf8 45. Qd6+ Kf7 46. Qd5+ Ke7 47. Qe5+ Kf7 48. Qxc3 Qxd7 49. Qf3 Kf6 50. g4 Qd6 51. Qc3+ Kf7 52. Kg2 Qf4 53. Qf3 Qd2+ 54. Kg3 Qd6+ 55. Kh3 Qd7 56. Qb3+ Kf6 57. Qc3+ Kf7 58. Qe3 Qd5 59. Kh4 Qg2 60. h3 Qc6 61. Kh5 g6+ 62. fxg6+ Qxg6+ 63. Kh4 Qc6 64. Qf4+ Kg7 65. Qe5+ Kg6 66. Qf5+ Kg7 67. Kg3 Qc3+ 68. Qf3 Qe1+ 69. Kf4 Qd2+ 70. Qe3 Qh2+ 71. Kf5 Qc2+ 72. Ke5 Qc7+ 73. Ke4 Qc6+ 74. Kf4 Qf6+ 75. Kg3 Qd6+ 76. Kf2 Qh2+ 77. Ke1 Qh1+ 78. Kd2 Qd5+ 79. Kc2 Qa2+ 80. Kd1 Qd5+ 1/2-1/2

[Event "HUN-chT2 Asztalos 1516"]
[Site "Hungary"]
[Date "2015.10.18"]
[Round "3.9"]
[White "Zelenak, Donat"]
[Black "Szabo, Janos"]
[Result "1/2-1/2"]
[WhiteElo "1835"]
[BlackElo "1664"]
[PlyCount "77"]
[EventDate "2015.09.13"]
[EventType "team-tourn"]
[EventRounds "11"]
[EventCountry "HUN"]
[SourceTitle "CBM 170 Extra"]
[Source "ChessBase"]
[SourceDate "2016.02.25"]
[SourceVersion "1"]
[SourceVersionDate "2016.02.25"]
[SourceQuality "1"]
[WhiteTeam "Kiraly Sakk"]
[BlackTeam "Sarosd"]
[WhiteTeamCountry "HUN"]
[BlackTeamCountry "HUN"]

1. Nf3 e6 2. d4 Nf6 3. e3 c6 4. Bd3 Bd6 5. 0-0 Bc7 6. c4 d5 7. Nc3 dxc4 8. Bxc4 b5 9. Bd3 Nbd7 10. b3 a5 11. Bb2 h6 12. Re1 0-0 13. Rc1 Bb7 14. Ne4 Rc8 15. Nc5 Nxc5 16. dxc5 Qe7 17. Bb1 g6 18. Qd4 Kg7 19. Qh4 e5 20. Red1 Rcd8 21. Qg3 Rxd1+ 22. Rxd1 Re8 23. Ne1 Nh5 24. Qf3 Nf6 25. Nd3 Kg8 26. e4 Bc8 27. h3 Nh7 28. Qe3 Qg5 29. Qxg5 Nxg5 30. f3 Rd8 31. Nf2 Rxd1+ 32. Nxd1 f5 33. Ne3 fxe4 34. Bxe4 Nxe4 35. fxe4 h5 36. Kf2 Kf7 37. g4 hxg4 38. Nxg4 Bxg4 39. hxg4 1/2-1/2

[Event "HUN-chT2 Asztalos 1516"]
[Site "Hungary"]
[Date "2015.09.13"]
[Round "1.8"]
[White "Konya, Attila Sr"]
[Black "Zelenak, Donat"]
[Result "1/2-1/2"]
[WhiteElo "1840"]
[BlackElo "1835"]
[PlyCount "115"]
[EventDate "2015.09.13"]
[EventType "team-tourn"]
[EventRounds "11"]
[EventCountry "HUN"]
[SourceTitle "CBM 170 Extra"]
[Source "ChessBase"]
[SourceDate "2016.02.25"]
[SourceVersion "1"]
[SourceVersionDate "2016.02.25"]
[SourceQuality "1"]
[WhiteTeam "Pecs Karmin"]
[BlackTeam "Kiraly Sakk"]
[WhiteTeamCountry "HUN"]
[BlackTeamCountry "HUN"]

1. e4 Nf6 2. e5 Nd5 3. d4 d6 4. Nf3 dxe5 5. Nxe5 g6 6. Qf3 Nf6 7. Bc4 e6 8. Bb5+ c6 9. Bg5 Bg7 10. Ng4 Qa5+ 11. Bd2 Qd8 12. Bc4 Nxg4 13. Qxg4 Qxd4 14. Qxd4 Bxd4 15. Bc3 c5 16. a4 Nc6 17. Ra3 0-0 18. Nd2 Ne5 19. Be2 Bd7 20. f4 Nc6 21. Nf3 Rad8 22. Bd2 b6 23. c3 Bg7 24. b4 cxb4 25. cxb4 e5 26. fxe5 Nxe5 27. 0-0 Bc6 28. Nxe5 Bxe5 29. Bg5 Rd4 30. b5 Bd5 31. Be3 Rb4 32. Bh6 Rc8 33. Rd1 Rd4 34. Rad3 Rxd3 35. Rxd3 Be6 36. Bf3 f6 37. Be3 Rc3 38. Rxc3 Bxc3 39. Bf4 Be5 40. Bd2 Kf7 41. a5 Bc4 42. axb6 Bd4+ 43. Kh1 axb6 44. Bc6 Ke6 45. Bb4 g5 46. h3 h5 47. Kh2 f5 48. Bd2 f4 49. g3 fxg3+ 50. Kxg3 Bf6 51. Be3 Bd8 52. Bd4 Kf5 53. Kf3 g4+ 54. hxg4+ hxg4+ 55. Kg3 Bc7+ 56. Kf2 g3+ 57. Kf3 Bd3 58. Bxb6 1/2-1/2

[Event "HUN-chT2 Asztalos 1415"]
[Site "Hungary"]
[Date "2015.01.25"]
[Round "5"]
[White "Zelenak, Donat"]
[Black "Szabo, Zoltan"]
[Result "1-0"]
[WhiteElo "1835"]
[BlackElo "1862"]
[PlyCount "105"]
[EventDate "2014.10.12"]
[EventType "team-tourn"]
[EventRounds "9"]
[EventCountry "HUN"]
[SourceTitle "EXT 2016"]
[Source "ChessBase"]
[SourceDate "2015.10.08"]
[SourceVersion "1"]
[SourceVersionDate "2015.10.08"]
[SourceQuality "1"]
[WhiteTeam "Dunaujvaros"]
[BlackTeam "Peti MTE"]
[WhiteTeamCountry "HUN"]
[BlackTeamCountry "HUN"]

1. Nf3 d5 2. d4 Nf6 3. e3 c6 4. Bd3 e6 5. b3 Bd6 6. 0-0 0-0 7. Bb2 Nbd7 8. Ne5 Qc7 9. f4 g6 10. Nd2 b6 11. Qf3 Re8 12. g4 Nf8 13. Qg3 Re7 14. Rf2 Ne8 15. Raf1 f5 16. c4 Qb7 17. Ndf3 Nf6 18. Ng5 Bxe5 19. fxe5 Nxg4 20. Rf4 h5 21. h3 Nh6 22. Nf3 Kh7 23. Ng5+ Kh8 24. Ba3 Rf7 25. Nxf7+ Qxf7 26. Bxf8 Qxf8 27. Qxg6 Qg7 28. Qxg7+ Kxg7 29. cxd5 exd5 30. Be2 Be6 31. Bxh5 Kf8 32. Be2 Ke7 33. Rh4 Nf7 34. Rh7 Rg8+ 35. Kf2 Kf8 36. h4 f4 37. exf4 Bf5 38. Rh5 Bg6 39. Rg5 Nxg5 40. fxg5 Ke7 41. Kg3 c5 42. dxc5 bxc5 43. Rf6 d4 44. Bc4 Rg7 45. Kf4 Bb1 46. h5 d3 47. h6 Rh7 48. Ke3 Rh8 49. Rf7+ Ke8 50. Rxa7 d2 51. Kxd2 Rh7 52. Rxh7 Bxh7 53. Bd3 1-0

[Event "Veszprem op"]
[Site "Veszprem"]
[Date "1996.??.??"]
[Round "6"]
[White "Kosztolanczi, Gyula"]
[Black "Zelenak, Donat"]
[Result "0-1"]
[WhiteElo "2185"]
[BlackElo "2205"]
[PlyCount "77"]
[EventDate "1996.??.??"]
[EventType "swiss"]
[EventRounds "9"]
[EventCountry "HUN"]
[SourceTitle "EXT 2004"]
[Source "ChessBase"]
[SourceDate "2003.11.25"]
[SourceVersion "1"]
[SourceVersionDate "2003.11.25"]
[SourceQuality "1"]

1. e4 c5 2. Nf3 d6 3. d4 cxd4 4. Nxd4 Nf6 5. Nc3 g6 6. Be3 Bg7 7. f3 0-0 8. Qd2 Nc6 9. 0-0-0 d5 10. exd5 Nxd5 11. Nxc6 bxc6 12. Bd4 Nxc3 13. Qxc3 Bh6+ 14. Be3 Bxe3+ 15. Qxe3 Qb6 16. Qxe7 Be6 17. Qa3 a5 18. Bd3 Qb4 19. Qxb4 axb4 20. Be4 Rxa2 21. b3 c5 22. Kb1 Ra7 23. Kb2 c4 24. bxc4 Bxc4 25. Rd4 Rc8 26. Ra1 Rxa1 27. Kxa1 Kf8 28. Kb2 Ke7 29. Bd3 Bxd3 30. Rxd3 Rc4 31. Kb3 Rh4 32. h3 f5 33. Rd5 h5 34. Ka4 Rc4 35. Rd2 Ke6 36. Kb5 Rf4 37. Kc5 h4 38. Rd6+ Ke5 39. Rxg6 0-1